Normal view
MARC view
- NIXON AGONISTES
Entry Topical Term
001 - CONTROL NUMBER
- control field: 69179
003 - CONTROL NUMBER IDENTIFIER
- control field: NUST
005 - DATE AND TIME OF LATEST TRANSACTION
- control field: 20210628204202.0
008 - FIXED-LENGTH DATA ELEMENTS
- fixed length control field: 210628|| aca||aabn | a|a d
040 ## - CATALOGING SOURCE
- Original cataloging agency: NUST
- Transcribing agency: NUST
150 ## - HEADING--TOPICAL TERM
- Topical term or geographic name entry element: NIXON AGONISTES
670 ## - SOURCE DATA FOUND
- Source citation: Work cat.: (NUST): WILLS , GARRY 69178, NIXON AGONISTES, THE CRISIS OF THE SELF MADE MAN, 2002
